| 000 | 00894nam a2200253 i 4500 | ||
|---|---|---|---|
| 001 | 6128 | ||
| 003 | ES-MaACL | ||
| 005 | 20250824003046.0 | ||
| 007 | t| | ||
| 008 | 890809s1988 sp ||||1|aspa d | ||
| 020 | _a84-86848-61-6 | ||
| 080 | _a92:78(46)"19" | ||
| 080 | _a92 Montsalvatge, Xavier | ||
| 080 | _a78(46)"1912/..." Montsalvatge, Xavier | ||
| 100 | 1 |
_aMontsalvatge, Xavier, _d1912-2002 _982728 |
|
| 245 | 1 | 0 |
_aPapeles autobiograficos _b: al alcance del recuerdo / _cXavier Montsalvatge. |
| 260 |
_aMadrid : _bFundación Banco Exterior, _cD.L. 1988. |
||
| 300 |
_a246 p., [32] p. de fot. ; _c20 cm. |
||
| 490 | 1 | _aColección Memorias de la música española | |
| 600 | 1 | 4 |
_aMontsalvatge, Xavier, _d1912-2002 _982728 |
| 830 | 0 | 0 |
_aColección memorias de la música española _9178177 |
| 852 |
_aES-MaACL _jL-13270 _bR.116262 _z. - rust. |
||
| 999 |
_c6128 _d6128 |
||